000
00322nam a22001457a 4500
020
_a
978-9352606429
041
_a
ENG
100
_a
Nag .P.K
245
_a
Engineering Thermodynamics
250
_a
Second Edition
260
_a
New DElhi
_b
Tata McGraw Hill PUB
_c
2000
300
_a
684
650
_a
APE
856
_u
APE
999
_c
346
_d
346